[Event "Barbera del Valles op 45th"]
[Site "Barbera del Valles"]
[Date "2023.07.12"]
[Round "9"]
[White "Oliver Martinez Fornes, Carlos"]
[Black "Sambarta, Banerjee"]
[Result "0-1"]
[WhiteElo "2073"]
[BlackElo "1975"]
[PlyCount "88"]
[EventDate "2023.07.04"]
[EventType "swiss"]
[EventRounds "9"]
[EventCountry "ESP"]
[SourceTitle "CBM 215 Extra"]
[Source "ChessBase"]
[SourceDate "2023.09.30"]
[SourceVersion "1"]
[SourceVersionDate "2023.09.30"]
[SourceQuality "1"]

1. d4 Nf6 2. c4 e6 3. g3 d5 4. Nf3 dxc4 5. Bg2 c5 6. 0-0 Nc6 7. Qa4 Bd7 8. Qxc4 b5 9. Qd3 c4 10. Qd1 Rc8 11. Bg5 Be7 12. Nbd2 Qb6 13. e3 0-0 14. Qe2 Rfd8 15. Rfc1 h6 16. Bxf6 Bxf6 17. Ne4 Be7 18. h4 Nb4 19. Ne5 Be8 20. h5 f5 21. Nd2 Bf6 22. f4 Bxe5 23. fxe5 Nd3 24. Rc2 Bc6 25. Bxc6 Qxc6 26. Qf3 Qd7 27. a3 a6 28. Nf1 a5 29. Qg2 b4 30. axb4 axb4 31. Nh2 c3 32. b3 Kh8 33. Qe2 Nb2 34. Qg2 Rc7 35. Nf3 Qd5 36. Nh4 Qxb3 37. Ng6+ Kh7 38. Ra8 Rcc8 39. Rxc8 Rxc8 40. Nf4 Nd1 41. Qb7 Qxc2 42. Qxc8 Qf2+ 43. Kh1 Qf1+ 44. Kh2 Nf2 0-1

[Event "Barbera del Valles op 44th"]
[Site "Barbera del Valles"]
[Date "2022.07.07"]
[Round "4"]
[White "Cadierno Garcia, Pau"]
[Black "Oliver Martinez Fornes, Carlos"]
[Result "1/2-1/2"]
[WhiteElo "1828"]
[BlackElo "2098"]
[PlyCount "86"]
[EventDate "2022.07.04"]
[EventType "swiss"]
[EventRounds "9"]
[EventCountry "ESP"]
[SourceTitle "EXT 2023"]
[Source "ChessBase"]
[SourceDate "2022.10.05"]
[SourceVersion "1"]
[SourceVersionDate "2022.10.05"]
[SourceQuality "1"]

1. d4 d5 2. c4 e6 3. Nf3 Nf6 4. g3 dxc4 5. Qa4+ Nbd7 6. Qxc4 a6 7. Bg2 b5 8. Qc2 Bb7 9. 0-0 c5 10. Nc3 Rc8 11. Qd1 cxd4 12. Nxd4 Bxg2 13. Kxg2 Bc5 14. a3 0-0 15. Nc2 Qb6 16. Be3 Rfd8 17. Qb1 Ne5 18. Bxc5 Qxc5 19. Ne3 Nc4 20. Nxc4 Qxc4 21. Qa2 Qc6+ 22. Kg1 g6 23. Qb3 Ne4 24. Nxe4 Qxe4 25. e3 Qc2 26. Qb4 Rd2 27. b3 Qd3 28. Rac1 Rcc2 29. Rxc2 Rxc2 30. Qa5 Qd6 31. a4 b4 32. Qg5 Kg7 33. Qg4 a5 34. Rd1 Qe5 35. Qf3 Rb2 36. Rd3 Qf5 37. Qxf5 gxf5 38. Kf1 Kf6 39. h3 h5 40. Kg2 Ke5 41. Kf3 Kf6 42. h4 Ke5 43. Kg2 Kf6 1/2-1/2

[Event "St Cugat op"]
[Site "St Cugat"]
[Date "1995.??.??"]
[Round "4"]
[White "Oliver Martinez Fornes, Carlos"]
[Black "Comas Fabrego, Luis"]
[Result "0-1"]
[WhiteElo "2215"]
[BlackElo "2490"]
[PlyCount "55"]
[EventDate "1995.??.??"]
[EventType "swiss"]
[EventRounds "9"]
[EventCountry "ESP"]
[SourceTitle "EXT 1998"]
[Source "ChessBase"]
[SourceDate "1997.11.17"]
[SourceVersion "1"]
[SourceVersionDate "1997.11.17"]
[SourceQuality "1"]

1. d4 Nh6 2. c4 g6 3. Nc3 Bg7 4. e4 d6 5. Nf3 0-0 6. Be2 Na6 7. 0-0 e5 8. Be3 c6 9. dxe5 dxe5 10. Nd2 Qe7 11. a3 Nc5 12. b4 Ne6 13. c5 Rd8 14. Qb1 Nf4 15. Bf3 Ng4 16. Bxg4 Bxg4 17. Qc2 Qg5 18. g3 Bh3 19. Rfe1 Qh5 20. f3 Ng2 21. g4 Nxe3 22. Rxe3 Qg5 23. Re2 h5 24. Nc4 hxg4 25. fxg4 Qxg4+ 26. Kh1 Qf3+ 27. Kg1 Rd3 28. Rc1 0-1

[Event "Ponferrada op1"]
[Site "Ponferrada"]
[Date "1992.??.??"]
[Round "6"]
[White "Oliver Martinez Fornes, Carlos"]
[Black "Frois, Antonio"]
[Result "1/2-1/2"]
[WhiteElo "2265"]
[BlackElo "2380"]
[PlyCount "97"]
[EventDate "1992.??.??"]
[EventType "swiss"]
[EventRounds "9"]
[EventCountry "ESP"]
[SourceTitle "EXT 2002"]
[Source "ChessBase"]
[SourceDate "2001.11.25"]
[SourceVersion "1"]
[SourceVersionDate "2001.11.25"]
[SourceQuality "1"]

1. d4 d5 2. c4 e6 3. Nf3 c5 4. g3 Nf6 5. Bg2 Nc6 6. 0-0 Be7 7. dxc5 Bxc5 8. a3 0-0 9. b4 Be7 10. Nbd2 b6 11. Bb2 Bb7 12. Qc2 Rc8 13. Rfd1 Qc7 14. Rac1 Qb8 15. Qb1 dxc4 16. Nxc4 b5 17. Nce5 Nxe5 18. Bxe5 Rxc1 19. Qxc1 Qa8 20. Qc7 Re8 21. Bxf6 Bxf6 22. Rd7 Be4 23. Qxa7 Qxa7 24. Rxa7 Rd8 25. h4 h6 26. Nh2 Rd1+ 27. Nf1 Bf5 28. Bc6 Bh3 29. Bg2 Bg4 30. Bf3 Bh3 31. Bg2 Bf5 32. Bc6 Rc1 33. Bxb5 Bh3 34. e3 Ra1 35. Bd3 g6 36. b5 Rd1 37. Be2 Re1 38. Bd3 Rd1 39. Bc4 Rc1 40. Ra8+ Kg7 41. Ra4 Be7 42. b6 Rb1 43. Ra6 Bc5 44. a4 Bxb6 45. a5 Bc5 46. Ra8 Ra1 47. a6 Rc1 48. Bb5 Rb1 49. Bd3 1/2-1/2

[Event "Biel MTO op"]
[Site "Biel"]
[Date "1992.??.??"]
[Round "1"]
[White "Oliver Martinez Fornes, Carlos"]
[Black "Gurevich, Dmitry"]
[Result "0-1"]
[WhiteElo "2265"]
[BlackElo "2490"]
[PlyCount "68"]
[EventDate "1992.07.??"]
[EventType "swiss"]
[EventRounds "11"]
[EventCountry "SUI"]
[SourceTitle "CBM 031 Extra"]
[Source "ChessBase"]
[SourceDate "1993.01.01"]
[SourceVersion "1"]
[SourceVersionDate "1993.01.01"]
[SourceQuality "1"]

1. d4 Nf6 2. c4 e6 3. Nf3 a6 4. g3 c5 5. Bg2 cxd4 6. 0-0 Qc7 7. Qxd4 Nc6 8. Qf4 Bd6 9. Qh4 Be7 10. Nc3 d6 11. Qf4 Ne5 12. b3 Ng6 13. Qd4 Rb8 14. Bb2 b5 15. cxb5 axb5 16. Rac1 Qd7 17. h4 Bb7 18. Rfd1 0-0 19. Ng5 Bxg2 20. Kxg2 b4 21. Na4 e5 22. Qd3 Rb5 23. f3 Nh5 24. Nh3 d5 25. Kh2 Bxh4 26. g4 Bg3+ 27. Kh1 e4 28. Qxe4 Bb8 29. Qd4 Re8 30. Rc2 Ng3+ 31. Kg2 Nh4+ 32. Kg1 Ba7 33. Nc5 Bxc5 34. Rxc5 Nxe2+ 0-1

[Event "Metz op 10th"]
[Site "Metz"]
[Date "1992.??.??"]
[Round "?"]
[White "Plachetka, Jan"]
[Black "Oliver Martinez Fornes, Carlos"]
[Result "1-0"]
[WhiteElo "2460"]
[BlackElo "2265"]
[PlyCount "65"]
[EventDate "1992.03.??"]
[EventType "swiss"]
[EventRounds "9"]
[EventCountry "FRA"]
[SourceTitle "EXT 2007"]
[Source "ChessBase"]
[SourceDate "2006.11.23"]
[SourceVersion "1"]
[SourceVersionDate "2006.11.23"]
[SourceQuality "1"]

1. e4 e6 2. d4 d5 3. Nd2 Nf6 4. Bd3 c5 5. e5 Nfd7 6. c3 Nc6 7. Ngf3 cxd4 8. cxd4 f6 9. 0-0 fxe5 10. Nxe5 Ndxe5 11. dxe5 Nxe5 12. Qh5+ Nf7 13. Bxh7 Qg5 14. Qxg5 Nxg5 15. Bg6+ Nf7 16. Nf3 Bd6 17. Re1 0-0 18. Bd2 Bd7 19. Bc3 Nd8 20. Rad1 Rc8 21. h4 Rc4 22. h5 Nc6 23. Re2 Rcf4 24. Ng5 Bc5 25. h6 d4 26. Bd2 R4f6 27. Bh7+ Kh8 28. hxg7+ Kxg7 29. Bd3 Nb4 30. Bxb4 Bxb4 31. Nh7 Rh6 32. Nxf8 Kxf8 33. Be4 1-0